| 000 | 00774nam a2200217Ia 4500 | ||
|---|---|---|---|
| 001 | 9149 | ||
| 003 | GE_BSU | ||
| 008 | 181216s||||||||xx |||||||||||||| ||und|| | ||
| 040 | _cGE_BSU | ||
| 080 | _a821.353.1-32 | ||
| 100 | _aკლდიაშვილი,დავით | ||
| 245 | _aთხულებათა სრული კრებული.ორ ტომად. ტ.2 | ||
| 245 | _bტ.2 თხზულებანი | ||
| 245 | _cრედ.ს.კლდიაშვილი.მხატვ.ნ.ფოფხაძე | ||
| 260 | _aთბილისი | ||
| 260 | _bსაბჭ.მწერალი | ||
| 260 | _c1952 | ||
| 300 | _a403გვ.21სმ. | ||
| 653 | _aთხულებათა სრული კრებული | ||
| 942 | _cBK | ||
| 999 |
_c42453 _d42453 |
||